| 000 | 00661nam a2200181 i 4500 | ||
|---|---|---|---|
| 001 | 152347 | ||
| 003 | ES-MaACL | ||
| 005 | 20230906204642.0 | ||
| 008 | 931025s1894 fr |||| | spa d | ||
| 080 | _a821.134.2(729.5)-32"18" | ||
| 100 | 1 |
_aBonafoux, Luis. _930066 |
|
| 245 | 1 | 0 |
_aEsbozos novelescos / _cLuis Bonafoux ; prólogo de Eduardo Benot. |
| 260 |
_aParís : _bGarnier Hermanos, _c1894. |
||
| 300 |
_aXVI, 408 p. ; _c18 cm. |
||
| 700 | 0 |
_aBenot, Eduardo. _927763 |
|
| 852 |
_aES-MaACL _jD-3106 _z-- Enc. tela |
||
| 856 |
_uhttp://bibliotecadigitalhispanica.bne.es:80/webclient/DeliveryManager?pid=2688974&custom_att_2=simple_viewer _zIr a la página |
||
| 999 |
_c152347 _d152347 |
||